000 00429pab a2200169 454500
008 180718b2014 xxu||||| |||| 00| 0 eng d
100 _aSarangi, U.
245 _aInternational trade and competition policy: An assessment
260 _c2014
300 _ap.61-82.
362 _aJun
650 _aEconomic competition
650 _aInternational trade
773 _aAsian Economic Review
908 _aN
909 _a104619
999 _c104615
_d104615